Desarrollo de un programa para la enseñanza del método del lugar de las raíces

Sábháilte in:
Sonraí bibleagrafaíochta
Príomhchruthaitheoir: Blanco Coto, Alan
Rannpháirtithe: Rodríguez Jiménez, Carlos Luis
Formáid: LEABHAR
Foilsithe / Cruthaithe: San José, Costa Rica 1988
Ábhair:
Clibeanna: Cuir clib leis
Níl clibeanna ann, Bí ar an gcéad duine le clib a chur leis an taifead seo!

MARC

LEADER 00000nam a2200000Ia 4500
003 004709
005 20221231144341.0
008 140114s1988 cr a m 000 ||s d
040 |c cru CEDI 
090 |a TFG 2172 
100 |a Blanco Coto, Alan  |9 10402 
245 |a Desarrollo de un programa para la enseñanza del método del lugar de las raíces 
260 |c 1988  |a San José, Costa Rica 
300 |a  viii, 74 hojas : ilustraciones ; 27 cm  
500 |a Proyecto de graduación (bachillerato en ingeniería eléctrica)--Universidad de Costa Rica. Facultad de Ingeniería. Escuela de Ingeniería Eléctrica 
650 |x CONTROL AUTOMATIC  |x REGULADORES ELECTRICOS  |9 13439 
700 |9 13437  |a Rodríguez Jiménez, Carlos Luis 
942 |c TFG  |2 ddc 
999 |c 20561  |d 20561